100 Câu hỏi và đáp về việc dạy toán ở tiểu học
保存先:
| 第一著者: | |
|---|---|
| フォーマット: | 図書 |
| 言語: | Vietnamese |
| 出版事項: |
Tp.HCM
Giáo dục
1998
|
| タグ: |
タグ追加
タグなし, このレコードへの初めてのタグを付けませんか!
|
| Thư viện lưu trữ: | Mạng thư viện Đại học Đà Nẵng |
|---|
| LEADER | 00911nam a2200277 4500 | ||
|---|---|---|---|
| 001 | 000013097 | ||
| 003 | 9433 | ||
| 005 | 20120307150341.0 | ||
| 008 | 120307s1998 viesd | ||
| 020 | |c 12000 | ||
| 041 | 0 | |a vie | |
| 082 | |a 372.76 |b PH-T | ||
| 100 | 0 | |a Phạm Đình Thực | |
| 245 | 0 | |a 100 Câu hỏi và đáp về việc dạy toán ở tiểu học |c Phạm Đình Thực | |
| 260 | |a Tp.HCM |b Giáo dục |c 1998 | ||
| 300 | |a 247 tr |c 21 cm | ||
| OWN | |a LSP | ||
| AVA | |a UDN50 |b LSP |d 372.76 PH-T |e available |t Error 5001 Not defined in file expand_doc_bib_avail. |f 4 |g 0 |h N |i 0 |k 1 | ||
| 999 | |a From the UDN01 | ||
| AVA | |a UDN50 |b LSP |d 372.76 PH-T |e available |t Error 5001 Not defined in file expand_doc_bib_avail. |f 4 |g 0 |h N |i 0 |k 1 | ||
| TYP | |a Monograph | ||
| TYP | |a Printed language | ||
| 980 | |a Mạng thư viện Đại học Đà Nẵng | ||